Statystyki dla 10 krajów o największej liczbie zgonów Covid19 - 26 kwietnia

Kliknij tutaj aby rozwiązać quiz!

Ogólne statystyki

  • Ten quiz został rozwiązany 49 razy
  • Średni wynik to 9 z 13

Statystyki odpowiedzi

kraj% Poprawnych
Chiny
96%
Stany Zjednoczone
94%
Niemcy
88%
Włochy
88%
Hiszpania
85%
Francja
81%
Wielka Brytania
73%
Szwecja
56%
Iran
48%
Belgia
46%
Holandia
46%
Szwajcaria
38%
Irlandia
31%

Rozkład punktacji

Percentyl według liczby udzielonych odpowiedzi

Procent ludzi z każdym wynikiem

Twoja historia wyników

Nie rozwiązałeś tego quizu